| 000 | 00960cad a22002295a 4500 | ||
|---|---|---|---|
| 001 | E147598 | ||
| 008 | 090528s2002 xxk f 000 0 eng d | ||
| 035 | _a(Sirsi) u147598 | ||
| 041 | 0 | _aeng | |
| 050 | 0 | 4 | _a621.45 $2 18 |
| 110 | 2 |
_aScottish Natural Heritage _92794 |
|
| 245 | 0 | 0 |
_aVisual assessment of windfarms _bbest practice _h[electronic resource] |
| 260 |
_aEdinburgh _bSNH _c2002 |
||
| 490 | 0 |
_aScottish Natural Heritage Commissioned Report _v(F01AA303A) |
|
| 520 | _aPresents the results of research into the ways in which Visual Impact Assessment of wind farms is dealt with in Environmental Impact Assessments, and offers best practice guidance for VIAs of wind farms. | ||
| 521 | _aAdvanced | ||
| 590 | _aKA | ||
| 651 | 4 |
_aScotland _y1999- |
|
| 690 | _aENVIRONMENTAL AND LAND CONSULTANCY-ENERGY-RENEWABLE ENERGY | ||
| 856 | 4 | 0 |
_uhttps://www.snh.org.uk/pubs/detail.asp?id=187 _zView the report free of charge at www.snh.org.uk... |
| 942 | _n0 | ||
| 999 |
_c109640 _d109640 |
||